Geography Beginning & Ending in I - Statistics

General Stats
  • This quiz has been taken 11 times
    10 since last reset
  • The average score is 2 of 9
Answer Stats
Hint Answer % Correct
Demonym of a Middle Eastern country. Iraqi
78%
Near the border with Moldova, this city is Romania's 3rd-largest. Iaşi
44%
Modern-Greek name of Odysseus' home island. Ithaki
44%
Croatian town of 800, shares its name with an international bank. Ičići
11%
Chinese autonomous prefecture in North Xinjiang. Ili
11%
Archaic tribe that gave its Greek name to a major peninsula in Europe. Italoi
11%
Finland's 3rd largest lake, in the Finnish language. Inari
0%
Japanese island whose highest point is Mt. Omoto. Ishigaki
0%
Eastern Nepal's 2nd-largest city. Itahari
0%
No matching quizzes found
Score Distribution
Percent of People with Each Score
Percentile by Number Answered
Your Score History
You have not taken this quiz since the last reset